000 00750nam a2200217 a 4500
001 001031574
003 AM-YEHGA
005 20250618080203.0
008 140724s2014 ai a||||||||||||||0|arm|d
020 _a9789994170951
040 _aAM-YeHGA
041 0 _aarm
100 1 _aԿարապետյան, Հերիքնազ
245 1 0 _aՄեծ մամիս հուշերը /
_cՀ. Կարապետյան.
260 _aԵրևան :
_bԾիծեռնակ,
_c2014.
300 _a48 էջ :
_bլուսանկ. ;
_c17 սմ.
650 1 0 _aՀայոց պատմություն
_xՀուշագրություն
650 1 4 _aՀայոց ցեղասպանություն (1915-1923)
_vԱնձնական պատմություններ
_95101
942 _2udc
_cBK
090 _c571826
999 _c532869
_d532869